000 01517nam0a2200361 4500
001 RU\NLR\bibl\1029414
005 20260406124838.0
010 _a5-353-02542-3
010 _a978-5-353-02542-9
_95000
021 _aRU
_b2006-74622
_93774
035 _a(nilc)RSL-KNO-002980059
035 _a(NLR Aleph) 001016893
090 _a673740
_c673740
100 _a20061115d2006 |||y0rusy50 ca
101 1 _arus
_ceng
102 _aRU
105 _aa |||||||||
106 _ar
200 1 _aЩелкунчик
_eпо мотивам сказки Эрнста Теодора Амадея Гофмана
_e[для младшего школьного возраста]
_fил. Дона Дейли
_g[ориг. текст в пересказе Даниэля Вэлдена
_gпер. с англ. Александры Макалатия]
210 _aМосква
_cРОСМЭН
_cРОСМЭН-пресс
_d2006
_eТверь
_gТверской полиграфкомбинат
215 _a56 с.
_cцв. ил.
_d34
610 0 _aДетская литература
686 0 _aШ9(4Г)60-4
702 1 _4570
_8rus
_7ca
_aГофман
_bЭ. Т. А.
_f1776-1822
_gЭрнст Теодор Амадей
_3RU\NLR\auth\771272
_9111300
702 1 _aВэлден
_bД.
_gДаниэль
_4570
801 0 _aRU
_bРКП
_c20061115
_grcr
801 1 _aRU
_bРГБ
_c20061115
801 2 _aRU
_bNLR
_c20070111
_grcr
942 _cBOOK
980 _aNB